Миры Роджера Желязны. Т. 29: После победы (Запись № 6859371)

Подробности
000 -МАРКЕР
контрольное поле 01251nam2a22002531 4500
001 - ИДЕНТИФИКАТОР ЗАПИСИ
контрольное поле rc\718661
005 - ИДЕНТИФИКАТОР ВЕРСИИ
контрольное поле 20250803040518.0
010 ## - МЕЖДУНАРОДНЫЙ СТАНДАРТНЫЙ НОМЕР КНИГИ (ISBN)
Номер (ISBN) 5-88132-334-3
Уточнения Полярис
Тираж 10000
035 ## - ДРУГИЕ СИСТЕМНЫЕ НОМЕРА
Идентификатор записи (NLR Aleph) 005962010
100 ## - ДАННЫЕ ОБЩЕЙ ОБРАБОТКИ
Данные общей обработки 20031121d1997 |||y0rusy50 ca
101 0# - ЯЗЫК РЕСУРСА
Язык текста, звукозаписи и т.д. русский
102 ## - СТРАНА ПУБЛИКАЦИИ ИЛИ ПРОИЗВОДСТВА
Страна публикации Российская Федерация
105 ## - ПОЛЕ КОДИРОВАННЫХ ДАННЫХ: ТЕКСТОВЫЕ МАТЕРИАЛЫ, МОНОГРАФИЧЕСКИЕ
Кодированные данные о монографическом текстовом документе a |||||||||
200 1# - ЗАГЛАВИЕ И СВЕДЕНИЯ ОБ ОТВЕТСТВЕННОСТИ
Основное заглавие После победы
Сведения, относящиеся к заглавию [Роман-фэнтези, напис. по сценарию, под рук. и при участии Р. Желязны
Первые сведения об ответственности Пер. Н. Ибрагимовой]
210 ## - ПУБЛИКАЦИЯ, РАСПРОСТРАНЕНИЕ И ДР.
Имя издателя, распространителя и т. д. Секачев
Дата издания, распространения и т.д. 1997
215 ## - ФИЗИЧЕСКАЯ ХАРАКТЕРИСТИКА
Специфическое обозначение материала и объем 374, [1] с.
Другие сведения о физической характеристике ил.
327 0# - ПРИМЕЧАНИЯ О СОДЕРЖАНИИ
Текст примечания В содерж. авт.: Р. Желязны, М.А. Стакпол, Д. Дрейк и др.
461 #0 - УРОВЕНЬ НАБОРА
Встроенное поле 001rc\185077
-- 2001#$aМиры Роджера Желязны$e[Собр. фантаст. произведений$eПер. с англ.]$vТ. 29
-- 700#1$aЖелязны$bР.$gРоджер$f1937-1995
Системный номер (АБИС) связанной записи 6477099
Автор Желязны, Р. (1937-1995)
Место публикации М.
Дата публикации 1995-
Имя издателя, распространителя и т.д. Полярис
Сведения, относящиеся к заглавию [Собр. фантаст. произведений : Пер. с англ.]
Заглавие Миры Роджера Желязны
Номер тома Т. 29
801 #0 - ИСТОЧНИК ЗАПИСИ
Страна Российская Федерация
Организация NLR
Правила каталогизации psbo
801 #1 - ИСТОЧНИК ЗАПИСИ
Страна Российская Федерация
Организация ELAR
Источник данных rusmarc
852 ## - МЕСТОНАХОЖДЕНИЕ И ШИФР ХРАНЕНИЯ
Идентификатор организации NLR
Шифр хранения (Call Number) 95-3/2234
942 ## - ДОПОЛНИТЕЛЬНЫЕ ЭЛЕМЕНТЫ ЗАПИСИ (АБИС)
Тип экземпляра АБИС Книга
980 ## - КОЛЛЕКЦИЯ
Название коллекции Национальная библиография
Экземпляры
Тип экземпляра Дата поступления Библиотека постоянного хранения Библиотека текущего хранения Место хранения Шифр хранения Штрих-код Статус экземпляра
Книга 26.10.2013 РНБ (Московский) РНБ (Московский) Русский книжный фонд: издания с 1957 года 95-3/2234 5962010-10